Пожарная безопасность электроустановок. Пожарная безопасность предприятия: справочник

Bibliographic Details
Main Author: Собурь С. В. Сергей Викторович
Summary:Содержит нормативные технические документы, применяемые при проведении пожарно-профилактических мероприятий, связанных с монтажом, ремонтом и эксплуатацией электроустановок на предприятиях всех форм собственности. Разработан при помощи электронной библиотеки «Автоматизированная информационно-справочная система нормативных документов по пожарной безопасности (Сборник НСИС ПБ)». - М.: ВНИИПО, 2004. Для работников, занимающихся вопросами монтажа, наладки и эксплуатации электроустановок, а также руководителей предприятий, инженерно-технических работников отделов охраны труда предприятий, специалистов пожарной охраны, слушателей учебных заведений.
Language:Russian
Published: Москва, ПожКнига, 2004
Edition:5-е изд., доп. ( с изм.)
Subjects:
Format: Book
KOHA link:https://koha.lib.tpu.ru/cgi-bin/koha/opac-detail.pl?biblionumber=68529

MARC

LEADER 00000nam0a2200000 4500
001 68529
005 20231031074948.0
010 |a 5986290100 
035 |a (RuTPU)RU\TPU\book\72979 
090 |a 68529 
100 |a 20041006d2004 km y0rusy50 ca 
101 0 |a rus 
102 |a RU 
105 |a y g 001zy 
200 1 |a Пожарная безопасность электроустановок. Пожарная безопасность предприятия  |e справочник  |f С. В. Собурь 
205 |a 5-е изд., доп. ( с изм.) 
210 |a Москва  |c ПожКнига  |d 2004 
215 |a 274 с. 
320 |a Библиогр.: с. 269 
330 |a Содержит нормативные технические документы, применяемые при проведении пожарно-профилактических мероприятий, связанных с монтажом, ремонтом и эксплуатацией электроустановок на предприятиях всех форм собственности. Разработан при помощи электронной библиотеки «Автоматизированная информационно-справочная система нормативных документов по пожарной безопасности (Сборник НСИС ПБ)». - М.: ВНИИПО, 2004. Для работников, занимающихся вопросами монтажа, наладки и эксплуатации электроустановок, а также руководителей предприятий, инженерно-технических работников отделов охраны труда предприятий, специалистов пожарной охраны, слушателей учебных заведений. 
610 1 |a электроустановки 
610 1 |a пожарная безопасность 
610 1 |a устройство 
610 1 |a распределительные устройства 
610 1 |a наружная электропроводка 
610 1 |a электропередача 
610 1 |a воздушные линии электропередачи 
610 1 |a внутренняя электропроводка 
610 1 |a электрическое освещение 
610 1 |a электрические сети 
610 1 |a защита 
610 1 |a специальные электроустановки 
610 1 |a аккумуляторные установки 
610 1 |a справочники 
675 |a 621.31:614.8(035)  |v 3 
700 1 |a Собурь  |b С. В.  |g Сергей Викторович 
801 1 |a RU  |b 63413507  |c 20041006  |g PSBO 
801 2 |a RU  |b 63413507  |c 20220330  |g PSBO 
942 |c BK 
959 |a 121/20041006  |d 3  |e 300  |f НФ:1  |f ЧЗТЛ:2